000 00706nam a22002057a 4500
999 _c181392
_d181392
005 20210910165312.0
010 _aENG-129910
020 _a978-93-8651-546-9
_c750.00
035 _a EN-113442
037 _bDBAD/PUB
082 _a345.5406
100 _dRatanlal
245 _aThe law of evidence :
_c by Ratanlal & Dhirajlal
250 _a25th ed.
260 _bLexis Nexis
_aIndia
_c2018
270 _bGurgaon
_e122002
_a14th Floor , Building No 10, Tower-B, DLF Cyber City, phase -ll
_k+91 124 4774444
_l+91 124 4774100
_mhelp.in@lexisnexis.com
300 _av.p.
_c25cm(hbk)
500 _aincluding the criminal law (amendment) ordinance,2018
942 _2ddc
_cEN
_h345.5406
_mRAT